| 000 | 00576nam a2200157 a 4500 | ||
|---|---|---|---|
| 001 | 000010944 | ||
| 005 | 20200929162325.0 | ||
| 008 | 091013s1993 dr 001 0 spa d | ||
| 040 |
_aDO-SdBNP _bspa _cBNPHU |
||
| 082 |
_axxxx _bB171e |
||
| 110 | 1 |
_aLo que diga Balaguer y mujer reformista en acción _926354 |
|
| 245 | 1 | 3 |
_aLa economía dominicana frente al desafío de la década de los ´90, Balaguer : _buna nueva modalidad de desarrollo /. |
| 260 |
_aSanto Domingo : _bSecretaría de Estado de Finanzas, _c1993. |
||
| 300 |
_a57 P. : _bil., gráf. ; _c28 cm. |
||
| 049 | _aBNPD | ||
| 999 |
_c10682 _d10682 |
||